Ema a její kouzelná zoo. Šťastný hrošík /
Další příběh Emy, která s maminkou bydlí v ZOO a rozumí řeči zvířat.
Uloženo v:
| Série: | Ema a její kouzelná zoo,
část 12 |
|---|---|
| Hlavní autor: | |
| Další autoři: | |
| Médium: | E-kniha |
| Jazyk: | Czech |
| Vydáno: |
V Praze :
Fragment,
2022
|
| Vydání: | 1. vydání |
| Témata: | |
| Příbuzné jednotky: | Přeloženo z:
Zoe's rescue zoo Z cyklu:: Ema a její kouzelná zoo |
| Tagy: |
Žádné tagy |
| LEADER | 02535nam a2200505 i 4500 | ||
|---|---|---|---|
| 001 | 311649 | ||
| 003 | CZ PrSKC | ||
| 005 | 20260601215709.0 | ||
| 007 | ta | ||
| 008 | 220908s2022 xr a b 000 j cze | ||
| 015 | |a cnb003446977 | ||
| 020 | |a 9788025359433 |q (vázáno) : |c Kč 199,00 | ||
| 035 | |a (OCoLC)1347064904 | ||
| 040 | |a ABG001 |b cze |d ABA001 |e rda | ||
| 041 | 1 | |a cze |h eng | |
| 072 | 7 | |a 821.111-3 |x Anglická próza, anglicky psaná |2 Konspekt | |
| 072 | 7 | |a 821-93 |x Literatura pro děti a mládež (beletrie) |2 Konspekt | |
| 080 | |a 821.111-32 |2 MRF | ||
| 080 | |a 821-93 |2 MRF | ||
| 080 | |a (0:82-32) |2 MRF | ||
| 100 | 1 | |a Cobb, Amelia |7 xx0217911 |4 aut | |
| 240 | 1 | 0 | |a Happy hippo. |l Česky |
| 245 | 1 | 0 | |a Ema a její kouzelná zoo. |p Šťastný hrošík / |c Amelia Cobb ; z anglického originálu Zoe's rescue zoo - The happy hippo přeložila Eva Brožová |
| 246 | 3 | 0 | |a Šťastný hrošík |
| 250 | |a 1. vydání | ||
| 264 | 1 | |a V Praze : |b Fragment, |c 2022 | |
| 300 | |a 109 stran : |b ilustrace ; |c 20 cm | ||
| 336 | |a text |b txt |2 rdacontent | ||
| 337 | |a bez média |b n |2 rdamedia | ||
| 338 | |a svazek |b nc |2 rdacarrier | ||
| 520 | 2 | |a Další příběh Emy, která s maminkou bydlí v ZOO a rozumí řeči zvířat. |b Nejnovějším přírůstkem v Záchranné zoo strýčka Horáce je opuštěné hroší mládě. Jenže v zahradě už tři hrochy mají a obávaný pan Pinč chce hrošíka Jindru poslat pryč. Ema se nedokáže smířit s představou, že by Jindra, který je v jejich zoo šťastný, přišel o svůj nový domov. Vymyslí proto hrochiální plán! Nakladatelská anotace. | |
| 521 | 8 | |a Pro čtenáře od 7 let | |
| 655 | 7 | |a anglické příběhy |7 fd131813 |2 czenas | |
| 655 | 7 | |a publikace pro děti |7 fd133156 |2 czenas | |
| 655 | 9 | |a English stories |2 eczenas | |
| 655 | 9 | |a children's literature |2 eczenas | |
| 700 | 1 | |a Brožová, Eva |7 jn20010309864 |4 trl | |
| 765 | 0 | |t Zoe's rescue zoo | |
| 787 | 0 | 8 | |i Z cyklu: |t Ema a její kouzelná zoo |g 12 |
| 900 | |a ABA001 |b 20 | ||
| 928 | 9 | |a Albatros Media - Fragment | |
| 044 | |a xr | ||
| 910 | |a RBIT002 | ||
| 998 | |d 358988 |a https://core.palmknihy.cz/api/books/358988/cover?si690v |b https://core.palmknihy.cz/api/books/358988/cover/400?si690v |c https://core.palmknihy.cz/api/books/358988/cover/50?si690v |e 2028-12-27 |g 112 |i 9788025359433 |j https://core.palmknihy.cz/api/books/358988/preview.epub |k https://core.palmknihy.cz/api/books/358988/preview.pdf |l |q 49 |r 1 |s https://www.palmknihy.cz/kniha/358988 |t ebook |y 2022 |z 0 |v Ema a její kouzelná zoo |w 12 | ||
| 999 | |d 311647 | ||